Pierwszoplanowi detektywi serialu "Gliniarze" - Statystyki

Ogólne statystyki
  • Ten quiz został rozwiązany 8 razy
  • Średni wynik to 7 z 11
Statystyki odpowiedzi
Stopień teraz Imię i Nazwisko całe % Poprawnych
Podkomisarz Olgierd Mazur
100%
Asp.Sztabowy Krystian Górski
86%
Asp.Sztabowa Natalia Nowak
86%
St.Aspirant Jakub Roguz
71%
Asp.Sztabowa Olga Lipska
71%
Asp.Sztabowy Adam Bogusz
57%
[+] Asp.Sztabowa Agnieszka Walczak
57%
Asp.Sztabowa Ewa Berg
57%
[+] St.Aspirant Robert Barcz
57%
Asp.Sztabowa Weronika Grot
43%
St.Aspirant Agata Byczewska
29%
Nie znaleziono quizów pasujących do podanych kryteriów
Rozkład punktacji
Procent ludzi z każdym wynikiem
Percentyl według liczby udzielonych odpowiedzi
Twoja historia wyników
Nie rozwiązałeś tego quizu